000 00666cab a2200217 4500
001 WB2944-27
008 090401t1993 xxu||||| |||| 00| 0 eng d
035 _a(Sirsi) u76719
041 _aeng
245 _aHousebuilders face fee spiral
260 _c1993
350 _a0
490 _aBuilding
_v258(7821) 26 November 1993, 13(1)
520 _aHousebuilders face soaring building control fees if government presses ahead with plans to allow private firms to compete with council inspectors.
650 _aBUILDING CONTROL FEES
650 _aBUILDING CONTROL
_96222
650 _aHOUSE BUILDERS
690 _aHOUSING
942 _n0
948 _c04/03/1997
999 _c48203
_d48203